1683 1235 1488 1890 1562 1677 1707 1033 1398 1684 1476 1032 1247 1258 1916 1600 1807 1171 1461 1912 1453 1989 1861 1867 1407 1631 1810 1956 1236 1382 1102 1751 1817 1204 1984 1299 1704 1596 1309 1824 1012 1600 1117 1878 1770 1506 1242 1782 1178 1336 1102 1599 1923 1371 1658 1949 1648 1491 1104 1119 1630 1748 1882 1932 1516 1222 1903 1425 1016 1057 1991 1344 1556 1404 1205 1535 1148 1708 1813 1090 1907 1948 1134 1635 1169 1826 1699 1799 1005 1915 1727 1045 1732 1906 1391 1874 1309 1106 1194 BCNSPRNW ULIB Ver.6.0+V

เปลี่ยนเป็นภาษาไทย

Change to English
 แสดงรายละเอียดบรรณานุกรม
  กลับหน้าหลัก

Brief Record : Get Marc (ISO 2709) : E-mail record : QR code < ปิดหน้าต่าง
LEADER : 00000nam 2200000uu 4500
001    13399121740
003     ULIB
008    121204s2550||||th 000 0 tha d
020    ^a9749930535
060 04 ^aWC503^bส271ร
100 0  ^aสมภพ เรืองตระกูล
245 10 ^aโรคเอดส์ :^bมหันตภัยเงียบที่ป้องกันได้ /^cสมภพ เรืองตระกูล
250    ^aพิมพ์ครั้งที่ 1
260    ^aกรุงเทพฯ :^bคณะแพทยศาสตร์ศิริราชพยาบาล มหาวิทยาลัยมหิดล,^c2550
300    ^a201 หน้า ;^c21 ซม.
440  0 ^aหนังสือชุดเรียนรู้เพื่อชีวิตเพื่อครอบครัวและสังคม ;^vชุดที่ 6
650  7 ^aโรคเอดส์^xการป้องกันและควบคุม
650  7 ^aกลุ่มอาการภูมิคุ้มกันเสื่อม^xการป้องกันและควบคุม
710 2  ^aมหาวิทยาลัยมหิดล. ^bคณะแพทยศาสตร์ศิริราชพยาบาล
945    ^p195^l0^i14074
995    ^aทศพร
999    ^aทศพร
รายการนี้ยังไม่มีแท็ก
คุณยังไม่ได้ล็อกอิน คุณสามารถมีกิจกรรมร่วมกับเว็บไซต์ได้ แต่ต้องล็อกอินก่อน ::
  ล็อกอิน

รายการสื่อสารสนเทศ

ลำดับที่ ประเภท เลขเรียก/บาร์โค้ด สถานที่ สถานะ
1. วิทยาศาสตร์การแพทย์ และสุขภาพ
วิทยาศาสตร์การแพทย์ และสุขภาพ
WC503 ส271ร ฉ.2 
  Barcode: 14074
ห้องสมุดวิทยาเขตสวรรค์ประชารักษ์
►หนังสือทั่วไป
บนชั้น

รายการใกล้เคียง
    ผู้แต่ง [สมภพ เรืองตระกูล]

BibComment


ยังไม่เคยถูกคอมเมนท์

คอมเมนท์ทรัพยากรรายการนี้
  คอมเมนท์: โรคเอดส์ มหันตภ..


 Copyright 2026. Bcnsprnw @Library